| 000 | 01075nam0a22002651 4500 | ||
|---|---|---|---|
| 001 | rc\3266857 | ||
| 005 | 20250609172147.0 | ||
| 035 | _a(NLR Aleph) 007390027 | ||
| 090 |
_a6600652 _c6600652 |
||
| 100 | _a20130115d1972 |||y0rusy50 ca | ||
| 101 | 0 | _arus | |
| 102 | _aRU | ||
| 105 | _ay j ||||| | ||
| 200 | 1 |
_aУчебно-методическое пособие для сержантов пограничных войск _fГл. упр. погран. войск КГБ при Совете Министров СССР. Отд. воен.-науч. работы и воен.-учеб. заведений |
|
| 210 |
_aМосква _cБ. и. _d1972 |
||
| 215 |
_a70 с. _d22 |
||
| 300 | _aНа обороте тит. л. авт.: канд. ист. наук, полк. Регуш К.В., полковники Бут Н.П., Галкин Б.П. [и др.] | ||
| 701 | 1 |
_aБут _bН.П. |
|
| 701 | 1 |
_aГалкин _bБ.П. |
|
| 701 | 1 |
_aРегуш _bК.В. |
|
| 801 | 0 |
_aRU _bNLR _gpsbo |
|
| 801 | 1 |
_aRU _bELAR _2rusmarc |
|
| 852 |
_aNLR _j72-50к/3411 |
||
| 942 | _cBOOK | ||
| 980 | _aNB | ||